000 00408nam a2200169Ia 4500
005 20240718060437.0
008 240331s9999 xx 000 0 und d
020 _a0415144019
082 _a200.19
_bCOR
100 _aCorbett, L
245 4 _aThe religious function of the psyche
260 _aLondon
_bRoutledge
_c1996
300 _avii, 264 p .,
650 _aReligion
650 _aPsychology
942 _cL
999 _c805
_d805